000 00802na a2200277 4500
001 19092
003 MIRAKIL
005 20181213155250.0
008 161208b tu 000 0
020 _a9756176792
035 _a19092
040 _aMilas
_btur
_cTR-AnCHP
041 _atur
082 _a378.9561
_bA73ü 2007
090 _a378.9561 A73ü 2007
100 _aAteş, Toktamış
245 _aÜniversitelerimiz ve demokrasi
_cToktamış Ateş
260 _aİstanbul
_bİstanbul Bilgi Üniversitesi Yayınları
_c2007
300 _a395 s.
_c23 sm.
490 _aİstanbul Bilgi Üniversitesi yayınları
_v162
500 _aDizin var.
650 _aÜniversiteler ve akademi
_zTürkiye
650 _aYükseköğretim
_zTürkiye
650 _aEğitim
_zTürkiye
942 _2ddc
_cBKS
999 _c9532
_d9532